មេឆ្កែកំផើម : (Record no. 8108)
[ view plain ]
| 000 -LEADER | |
|---|---|
| fixed length control field | 02314nam a22002777a 4500 |
| 001 - CONTROL NUMBER | |
| control field | 8108 |
| 003 - CONTROL NUMBER IDENTIFIER | |
| control field | FISKH |
| 005 - DATE AND TIME OF LATEST TRANSACTION | |
| control field | 20250825143245.0 |
| 008 - FIXED-LENGTH DATA ELEMENTS--GENERAL INFORMATION | |
| fixed length control field | 250825b cb ||||| |||| 00| 0 eng d |
| 040 ## - CATALOGING SOURCE | |
| Original cataloging agency | FISKH |
| Language of cataloging | khr |
| Transcribing agency | FISKH |
| Modifying agency | FISKH |
| 050 ## - LIBRARY OF CONGRESS CALL NUMBER | |
| Classification number | PZ7 |
| 100 ## - MAIN ENTRY--PERSONAL NAME | |
| Personal name | Thaily, Ly |
| 245 ## - TITLE STATEMENT | |
| Title | មេឆ្កែកំផើម : |
| Remainder of title | The pregnant dog / |
| Statement of responsibility, etc. | រៀបរៀងដោយ លី ថៃលី , វិចិត្រកររូបភាពដោយ ថៃ សាន្ត |
| 260 ## - PUBLICATION, DISTRIBUTION, ETC. | |
| Place of publication, distribution, etc. | ភ្នំពេញ : |
| Name of publisher, distributor, etc. | រោងពុម្ព ពេជ្រ ណែត , |
| 300 ## - PHYSICAL DESCRIPTION | |
| Extent | 24 pages : |
| Other physical details | color illustrations ; |
| Dimensions | 25 cm. |
| 505 ## - FORMATTED CONTENTS NOTE | |
| Formatted contents note | P <br/> |
| 520 ## - SUMMARY, ETC. | |
| Summary, etc. | មានឆ្កែកំផើមមួយក្បាលធ្វើដំណើរពីភូមិមួយទៅភូមិមួយ ក៏បានជួមនឺងមេឆ្កែមួយក្បាល ។ មេឆ្កែក៏ផ្តល់កន្លែងស្នាក់នៅដើម្បីអោយបានសំរាលកូន ។ ក្រោយសំរាលកូនរួចមេឆ្កែក៏អោយឆ្កែកំផើមនិងកូនទាំង៦ចាកចេញ តែពួកគេមិនចេញ ក៏ឈ្លោះគ្នាហើយកូនឆ្កែក៏ព្រួតគ្នាខាំមេឆ្កែហើយបណ្តេញមេឆ្កែចេញពីផ្ទះ ។ មេឆ្កែចាកចេញទាំងក្តីឈឺចាប់។ |
| 520 ## - SUMMARY, ETC. | |
| Summary, etc. | A pregnant female dog was traveling from one village to another when she met a mother dog. The female dog kindly offered her a place to stay so she could give birth. After the puppies were born, the female dog asked the pregnant dog and her six puppies to leave. But they refused to go. This led to a conflict, and eventually, the puppies ganged up and bit the female dog, driving her out of her own home. The female dog left with a heavy heart and deep sorrow. |
| 521 8# - TARGET AUDIENCE NOTE | |
| Target audience note | 650 <br/> |
| Source | Lexile estimate <br/> |
| 521 8# - TARGET AUDIENCE NOTE | |
| Target audience note | P <br/> |
| Source | Raz-Plus <br/> |
| 650 ## - SUBJECT ADDED ENTRY--TOPICAL TERM | |
| Topical term or geographic name entry element | មេឆ្កែកំផើម |
| Form subdivision | រឿងនិទានកុមារ |
| 650 ## - SUBJECT ADDED ENTRY--TOPICAL TERM | |
| Topical term or geographic name entry element | The pregnant dog |
| Form subdivision | Children's story |
| 700 ## - ADDED ENTRY--PERSONAL NAME | |
| Personal name | San, Thai |
| Relator term | Illustrator |
| 942 ## - ADDED ENTRY ELEMENTS (KOHA) | |
| Source of classification or shelving scheme | Dewey Decimal Classification |
| Koha item type | Khmer Books |
| Suppress in OPAC | No |
| Withdrawn status | Lost status | Source of classification or shelving scheme | Damaged status | Not for loan | Collection | Home library | Current library | Shelving location | Date acquired | Total Checkouts | Full call number | Barcode | Date last seen | Price effective from | Koha item type |
|---|---|---|---|---|---|---|---|---|---|---|---|---|---|---|---|
| Dewey Decimal Classification | Khmer-English Bilingual / ភាសាខ្មែរ-អង់គ្លេស | Footprints International School Library Network Toul Tom Poung Campus | Footprints International School Library Network Toul Tom Poung Campus | TTP Primary Khmer Bookshelves | 08/25/2025 | THA PZ7 590 | 2025-4233 | 08/25/2025 | 08/25/2025 | Khmer Books |
